000 01205cam a2200337 a 4500
942 _cBK
999 _c179
_d179
001 13935478
003 OSt
005 20250420134759.0
008 050419s2006 njua b 001 0 eng
010 _a 2005047799
015 _aGBA564890
_2bnb
016 7 _a013265002
_2Uk
020 _a9780471241959
035 _a(OCoLC)ocm59879802
040 _aDLC
_cKCST
_dBAKER
_dUKM
_dOCLCQ
050 0 0 _aQ360
_b.C68 2006
082 0 0 _a003.54
_222
_bCo El
100 1 _aCover, T. M.,
_d1938-
_9691
245 1 0 _aElements of information theory /
_cThomas M. Cover, Joy A. Thomas.
250 _a2nd ed.
260 _aHoboken, N.J. :
_bWiley-Interscience,
_cc2006.
300 _axxiii, 748 p. :
_bill. ;
_c25 cm.
504 _aIncludes bibliographical references (p. 689-721) and index.
650 0 _aInformation theory.
_9692
700 1 _aThomas, Joy A.
_9693
856 4 2 _3Publisher description
_uhttp://www.loc.gov/catdir/enhancements/fy0624/2005047799-d.html
856 4 1 _3Table of contents
_uhttp://www.loc.gov/catdir/enhancements/fy0624/2005047799-t.html
856 4 2 _3Contributor biographical information
_uhttp://www.loc.gov/catdir/enhancements/fy0826/2005047799-b.html
942 _2ddc